Movies Quiz

Random Movies or Oscar Quiz

Meryl Streep's Oscar Noms Quiz Stats

 Plays Quiz Updated Jan 23, 2018

Challenge
Share
Tweet
Embed
Score 0/21 Timer 05:00
1 Play Today
Year Nominated / Category / Result Picture % Correct
2006 / Actress / lostThe Devil Wears Prada
88.7%
2012 / Actress / wonThe Iron Lady
87.6%
2010 / Actress / lostJulie And Julia
83.1%
1979 / Supporting Actress / wonKramer vs. Kramer
81.3%
2017 / Actress / lostThe Post
80.9%
1982 / Actress / wonSophie's Choice
75.1%
2015 / Supporting Actress / lostInto the Woods
71.5%
1985 / Actress / lostOut of Africa
56.7%
2008 / Actress / lostDoubt
56.7%
2016 / Actress / lostFlorence Foster Jenkins
53.3%
1978 / Supporting Actress / lostThe Deer Hunter
49.9%
Year Nominated / Category / Result Picture % Correct
1995 / Actress / lostThe Bridges of Madison County
49.3%
1983 / Actress / lostSilkwood
47.9%
2014 / Actress / lostAugust: Osage County
47%
2002 / Supporting Actress / lostAdaptation
44%
1990 / Actress / lostPostcards from the Edge
35%
1999 / Actress / lostMusic of the Heart
33.3%
1988 / Actress / lostA Cry in the Dark
31.3%
1981 / Actress / lostThe French Lieutenant's Woman
27.2%
1987 / Actress / lostIronweed
26.7%
1998 / Actress / lostOne True Thing
19%

You're not logged in!

Compare scores with friends on all Sporcle quizzes.
OR
Log In

You Might Also Like...

Show Comments

Extras

Top Quizzes Today


Score Distribution

Your Account Isn't Verified!

In order to create a playlist on Sporcle, you need to verify the email address you used during registration. Go to your Sporcle Settings to finish the process.

Report this User

Report this user for behavior that violates our Community Guidelines.

Details: